000 00462nam a2200157Ia 4500
003 GCL
008 140319s9999 xx 000 0 ara d
040 _aGCL /
_cGCL
082 0 4 _aط
_b813.02
_bم ن
100 1 _aمصطفى عابدين
245 1 0 _aالنساج والخاتم السحرى /
_cمصطفى عابدين
490 _aسلسلة الكنوز الخضراء
_v0
650 0 4 _aالاطفال
650 0 4 _aقصص الاطفال
942 _2ddc
_cBK
999 _c44643
_d44643